<?xml version="1.0" encoding="UTF-8"?><?xml-stylesheet type="text/xsl" href="static/style.xsl"?><OAI-PMH xmlns="http://www.openarchives.org/OAI/2.0/" xmlns:xsi="http://www.w3.org/2001/XMLSchema-instance" xsi:schemaLocation="http://www.openarchives.org/OAI/2.0/ http://www.openarchives.org/OAI/2.0/OAI-PMH.xsd"><responseDate>2026-04-29T12:24:07Z</responseDate><request verb="GetRecord" identifier="oai:repisalud.isciii.es:20.500.12105/20392" metadataPrefix="marc">https://repisalud.isciii.es/rest/oai/request</request><GetRecord><record><header><identifier>oai:repisalud.isciii.es:20.500.12105/20392</identifier><datestamp>2024-11-28T20:17:34Z</datestamp><setSpec>com_20.500.12105_15322</setSpec><setSpec>com_20.500.12105_2051</setSpec><setSpec>col_20.500.12105_16967</setSpec></header><metadata><record xmlns="http://www.loc.gov/MARC21/slim" xmlns:dcterms="http://purl.org/dc/terms/" xmlns:doc="http://www.lyncode.com/xoai" xmlns:xsi="http://www.w3.org/2001/XMLSchema-instance" xsi:schemaLocation="http://www.loc.gov/MARC21/slim http://www.loc.gov/standards/marcxml/schema/MARC21slim.xsd">
   <leader>00925njm 22002777a 4500</leader>
   <datafield ind2=" " ind1=" " tag="042">
      <subfield code="a">dc</subfield>
   </datafield>
   <datafield ind2=" " ind1=" " tag="720">
      <subfield code="a">Sastre-Fullana, Pedro</subfield>
      <subfield code="e">author</subfield>
   </datafield>
   <datafield ind2=" " ind1=" " tag="720">
      <subfield code="a">Miguel Morales-Asencio, Jose</subfield>
      <subfield code="e">author</subfield>
   </datafield>
   <datafield ind2=" " ind1=" " tag="720">
      <subfield code="a">Sesé-Abad, Albert</subfield>
      <subfield code="e">author</subfield>
   </datafield>
   <datafield ind2=" " ind1=" " tag="720">
      <subfield code="a">Bennasar-Veny, Miquel</subfield>
      <subfield code="e">author</subfield>
   </datafield>
   <datafield ind2=" " ind1=" " tag="720">
      <subfield code="a">Carlos Fernandez-Dominguez, Juan</subfield>
      <subfield code="e">author</subfield>
   </datafield>
   <datafield ind2=" " ind1=" " tag="720">
      <subfield code="a">de Pedro-Gómez, Joan Ernest</subfield>
      <subfield code="e">author</subfield>
   </datafield>
   <datafield ind2=" " ind1=" " tag="260">
      <subfield code="c">2017-02</subfield>
   </datafield>
   <datafield ind2=" " ind1=" " tag="520">
      <subfield code="a">Objective: To describe the development and clinimetric validation of the Advanced Practice Nursing Competency Assessment Instrument (APNCAI) through several evidence sources about reliability and validity in the Spanish context. Design and setting: APNCAI development was based on a multisequential and systematic process: literature review, instrument content consensus through qualitative Delphi method approach (a panel of 51 Advanced Practice in Nursing-APN-experts was selected) and the clinimetric validation process based on a sample of 600 nurses from the Balearic Islands public healthcare setting. Methods: An initial step for tool's content development process based on Delphi method approach of expert consensus was implemented. A subsequent phase of tool validation started from the analysis of APN core competencies latent measurement model, including exploratory and confirmatory techniques. Reliability evidence for each latent factor was also obtained. Items' scores were submitted to descriptive analysis, plus univariate and multivariate normality tests. Results: An eight-factor competency assessment latent model obtained adequate fit, and it was composed by 'Research and Evidence-Based Practice', 'Clinical and Professional Leadership', 'Interprofessional Relationship and Mentoring', 'Professional Autonomy', 'Quality Management', 'Care Management', 'Professional Teaching and Education' and 'Health Promotion'. Conclusions: Adequate empirical evidence of reliability and validity for APNCAI makes it useful for application in healthcare policy programmes for APN competency assessment in Spain.</subfield>
   </datafield>
   <datafield ind1="8" ind2=" " tag="024">
      <subfield code="a">Sastre-Fullana P, Morales-Asencio JM, Sesé A, Bennasar-Veny M, Fernandez Dominguez JC, Ernest De Pedro Gomez J. Advanced Practice Nursing Competency Assessment Instrument (APNCAI): clinimetric validation. BMJ Open. 2017 Feb;7(2):e013659.</subfield>
   </datafield>
   <datafield ind1="8" ind2=" " tag="024">
      <subfield code="a">10.1136/bmjopen-2016-013659</subfield>
   </datafield>
   <datafield ind1="8" ind2=" " tag="024">
      <subfield code="a">2044-6055</subfield>
   </datafield>
   <datafield ind1="8" ind2=" " tag="024">
      <subfield code="a">BMJ Open</subfield>
   </datafield>
   <datafield ind1="8" ind2=" " tag="024">
      <subfield code="a">http://hdl.handle.net/20.500.13003/17173</subfield>
   </datafield>
   <datafield ind1="8" ind2=" " tag="024">
      <subfield code="a">28235968</subfield>
   </datafield>
   <datafield ind1="8" ind2=" " tag="024">
      <subfield code="a">L614573388</subfield>
   </datafield>
   <datafield ind1="8" ind2=" " tag="024">
      <subfield code="a">2-s2.0-85014044557</subfield>
   </datafield>
   <datafield ind1="8" ind2=" " tag="024">
      <subfield code="a">http://hdl.handle.net/20.500.12105/20392</subfield>
   </datafield>
   <datafield ind1="8" ind2=" " tag="024">
      <subfield code="a">397872400087</subfield>
   </datafield>
   <datafield ind2="0" ind1="0" tag="245">
      <subfield code="a">Advanced Practice Nursing Competency Assessment Instrument (APNCAI): clinimetric validation</subfield>
   </datafield>
</record></metadata></record></GetRecord></OAI-PMH>